Green Day Quiz - Statistics

General Stats
  • This quiz has been taken 102 times
  • The average score is 10 of 15
Answer Stats
Hint Answer % Correct
In what year was Green Day formed? 1987
96%
Who is Green Day’s lead vocalist? Billie Joe Armstrong
91%
What genre best describes Green Day’s early music? Punk Rock
89%
What Green Day song includes the lyric “Do you have the time to listen to me whine?” Basket Case
87%
What instrument does Tré Cool play? Drums
87%
Which Green Day album is a concept record about post-9/11 America? American Idiot
84%
What is considered Green Day’s most famous song? Boulevard of Broken Dreams
76%
What is the name of Green Day’s 2024 album? Saviors
73%
Who joined Green Day last among the core trio? Tré Cool
72%
What song opens the album “Dookie”? Burnout
66%
What song did Green Day release as the lead single from “Saviors”? The American Dream Is Killing Me
49%
What song did Green Day famously perform at Woodstock ’94? When I Come Around
32%
What label released Green Day’s major-label debut? Reprise Records
25%
What city is Green Day originally from? Rodeo, California
24%
Which Green Day song was used in WWE promos? Know Your Enemy
20%
No matching quizzes found
Score Distribution
Percent of People with Each Score
Percentile by Number Answered
Your Score History
You have not taken this quiz